| 000 | 00630nam a2200193Ia 4500 | ||
|---|---|---|---|
| 003 | GCL | ||
| 008 | 140319s9999 xx 000 0 ara d | ||
| 040 |
_aGCL / _cGCL |
||
| 082 | 0 | 4 |
_a819.9 _bح ص |
| 100 | 1 | _aجابر عصفور | |
| 245 | 1 | 0 |
_aالصورة الفنية فى التراث النقدى والبلاغى عند العرب / _cجابر عصفور |
| 260 |
_aبيروت : _bالمركز الثقافى العربى ، _c1992 |
||
| 300 |
_a406 ص ؛ _c24 سم |
||
| 490 | _a | ||
| 650 | 0 | 4 | _aالادب العربى |
| 650 | 0 | 4 | _aالبلاغة العربية |
| 650 | 0 | 4 | _aتاريخ ونقد |
| 942 |
_2ddc _cBK |
||
| 999 |
_c54286 _d54286 |
||